THE ADVENTURES OF ROBIN HOOD / (رقم التسجيلة. 89718)

تفاصيل مارك
000 -الفاتح
عناصر البيانات ثابتة الطول 00711cam a2200205 i 4500
005 - تاريخ ووقت آخر معاملة
حقل ضبط 20260409094756.0
008 - عناصر البيانات ثابتة الطول
عناصر البيانات ثابتة الطول 250721s2002 ua gr 000 j ara d
020 ## - الترقيم الدولي المعياري للكتب (ردمك)
الترقيم الدولي المعياري للكتب (ردمك) 9772772698
041 1# - كود اللغة
كود اللغة لنص/مسار صوت أو عنوان منفصل ara
-- eng
082 14 - رقم تصنيف ديوي العشري
رقم التصنيف F
رقم المادة T H E
245 04 - بيان العنوان
العنوان THE ADVENTURES OF ROBIN HOOD /
بيان المسؤولية علي الجوهري.
246 11 - الأشكال المختلفة للعنوان
العنوان الفعلي/العنوان المختصر مغامرات روبين هود ، من التراث الشعبي - إنجليزي -عربي
264 31 - بيانات النشر، التوزيع…إلخ
مكان النشر، التوزيع...إلخ القاهرة :
اسم الناشر، الموزع...إلخ دار الطلائع للنشر و التوزيع،
تاريخ النشر، التوزيع...إلخ 2002.
300 ## - الوصف المادي
عدد الوحدات المكونة للوعاء 127 صفحة.
650 17 - مدخل إضافي بالموضوع - مصطلح موضوعي
مصطلح موضوعي أو اسم جغرافي كعنصر مدخل الأدب المترجم.
650 17 - مدخل إضافي بالموضوع - مصطلح موضوعي
مصطلح موضوعي أو اسم جغرافي كعنصر مدخل القصص.
700 1# - مدخل إضافي - اسم شخصي
الاسم الشخصي الجوهري، علي
علاقة الشخص بالعمل/ دوره translator.
942 ## - بيانات إضافية (كوها)
نوع التنصيف Dewey Decimal Classification
نوع المادة (كوها) كتب
المقتنيات
حالة السحب حالة الفقدان مصدر التصنيف حالة التلف غير قابل للإعارة المكتبة الرئيسية المكتبة الحالية موقع الرف تاريخ التزويد رقم المخزون Total Checkouts رقم الإستدعاء الباركود تاريخ آخر ظهور تاريخ الفاتورة نوع المادة (كوها) العملة
    Dewey Decimal Classification     المكتبة المركزية المكتبة المركزية الإعارة 04/02/2010 [61576]   F/THE PLD00134137 28/07/2025 04/02/2010 كتب  
    Dewey Decimal Classification     المكتبة المركزية المكتبة المركزية الإعارة 09/04/2026 61578   F / T H E PLD00230993 09/04/2026 09/04/2026 كتب JOD
    Dewey Decimal Classification     مكتبة الأميرة ايمان العامة مكتبة الأميرة ايمان العامة الإعارة 28/07/2025 61579   F/THE 61579 28/07/2025 28/07/2025 كتب  
    Dewey Decimal Classification     مكتبة الاميرة بديعة مكتبة الاميرة بديعة الإعارة 28/07/2025 61582   F/THE 61582 28/07/2025 28/07/2025 كتب  
    Dewey Decimal Classification     مكتبة الجويدة مكتبة الجويدة الإعارة 28/07/2025 61583   F/THE 61583 28/07/2025 28/07/2025 كتب  
    Dewey Decimal Classification     مكتبة صويلح العامة مكتبة صويلح العامة الإعارة 09/07/2019 0061580   F/THE PLD00456751 28/07/2025 09/07/2019 كتب  
Implemented & Customized by: BBB with SCIT (Smart Chains for Information Technology)

Powered by Koha